<?xml version="1.0" encoding="UTF-8"?><?xml-stylesheet type="text/xsl" href="static/style.xsl"?><OAI-PMH xmlns="http://www.openarchives.org/OAI/2.0/" xmlns:xsi="http://www.w3.org/2001/XMLSchema-instance" xsi:schemaLocation="http://www.openarchives.org/OAI/2.0/ http://www.openarchives.org/OAI/2.0/OAI-PMH.xsd"><responseDate>2026-06-07T11:29:16Z</responseDate><request verb="GetRecord" identifier="oai:docta.ucm.es:20.500.14352/56319" metadataPrefix="marc">https://docta.ucm.es/rest/oai/request</request><GetRecord><record><header><identifier>oai:docta.ucm.es:20.500.14352/56319</identifier><datestamp>2024-10-24T12:37:11Z</datestamp><setSpec>com_20.500.14352_14</setSpec><setSpec>col_20.500.14352_22</setSpec></header><metadata><record xmlns="http://www.loc.gov/MARC21/slim" xmlns:dcterms="http://purl.org/dc/terms/" xmlns:xsi="http://www.w3.org/2001/XMLSchema-instance" xmlns:doc="http://www.lyncode.com/xoai" xsi:schemaLocation="http://www.loc.gov/MARC21/slim http://www.loc.gov/standards/marcxml/schema/MARC21slim.xsd">
   <leader>00925njm 22002777a 4500</leader>
   <datafield ind2=" " ind1=" " tag="042">
      <subfield code="a">dc</subfield>
   </datafield>
   <datafield ind2=" " ind1=" " tag="720">
      <subfield code="a">García Hoyos, Felisa</subfield>
      <subfield code="e">author</subfield>
   </datafield>
   <datafield ind2=" " ind1=" " tag="260">
      <subfield code="c">2007</subfield>
   </datafield>
   <datafield ind2=" " ind1=" " tag="520">
      <subfield code="a">La utilización tópica de fluoruros es probablemente la medida más extendida para la prevención de la caries dental. Se ha demostrado que parte del flúor administrado tópicamente pasa a vías sistémicas, bien por tragado del mismo o por absorción en la mucosa oral. El flúor que es digerido circulará por el torrente sanguineo y será eliminado fundamentalmene por la orina. Este flúor sistémico es muy poco eficaz como elemento preventivo de la caries. 

OBJETIVOS: Este estudio pretende demostrar que tras la aplicación al niño de suplementos tópicos fluorados en forma de barnices y colutorios, se produce un aumento de la concentración de flúor en la orina atribuible a la utilización de estos productos preventivos. 

MATERIAL Y MÉTODO. El estudio se realizó sobre una muestra aleatoria de 100 niños. Se realizaron  muestras de orina previas a la utilización de productos fluorados tópicos, en unos niños se utilizó colutorios y en otro grupo de niños barnices fluorados. Transcurridos 100 minutos desde la aplicación del fluoruro se realizó una segunda toma de orina. En el laboratorio se determinó el pH, la creatinina y la concentración de fluoruro.  Los resultados se expresan con la ratio flúor/creatinina. 

RESULTADOS: La media de flúor excretado en la 1 toma de orina fue de 0,36 mg/l y en la 2 toma de 1,45 mg/l. Los valores de flúor/creatinina creatinina fueron de 0,33 y 1,50 mg/g respectivamente. 

CONCLUSIÓN: Tras la aplicación de colutorios y barnices fluorados en los niños, se produce un incremento significativo de los niveles de flúor y de flúor/creatinina en la orina en relación a los obtenidos en las mediciones previas al tratamiento fluorado. Este aumento en la concentración de fluoruros en la orina del niño es atribuible a la utilización previa de productos fluorados.</subfield>
   </datafield>
   <datafield ind1="8" ind2=" " tag="024">
      <subfield code="a">978-84-669-3135-9</subfield>
   </datafield>
   <datafield ind1="8" ind2=" " tag="024">
      <subfield code="a">b23946507</subfield>
   </datafield>
   <datafield ind1="8" ind2=" " tag="024">
      <subfield code="a">https://hdl.handle.net/20.500.14352/56319</subfield>
   </datafield>
   <datafield ind2="0" ind1="0" tag="245">
      <subfield code="a">Eliminación renal de flúor tras la aplicación de productos tópicos fluorados utilizados en la prevención de caries dental en el niño</subfield>
   </datafield>
</record></metadata></record></GetRecord></OAI-PMH>